[Event "AUT-chT2M 2324"]
[Site "Austria"]
[Date "2023.11.03"]
[Round "1.3"]
[White "Eder, Matthias"]
[Black "Schreiner, Till"]
[Result "1-0"]
[WhiteElo "2242"]
[BlackElo "2330"]
[PlyCount "95"]
[EventDate "2023.11.03"]
[EventType "team-tourn"]
[EventRounds "11"]
[EventCountry "AUT"]
[SourceTitle "CBM 217 Extra"]
[Source "ChessBase"]
[SourceDate "2024.01.31"]
[SourceVersion "1"]
[SourceVersionDate "2024.01.31"]
[SourceQuality "1"]
[WhiteTeam "Graz Schachfreunde"]
[BlackTeam "Graz Styria"]
[WhiteTeamCountry "AUT"]
[BlackTeamCountry "AUT"]

1. e4 c6 2. d4 d5 3. e5 c5 4. Nf3 Bg4 5. dxc5 Nc6 6. c3 e6 7. Be3 Bxf3 8. Qxf3 Nxe5 9. Bb5+ Nc6 10. c4 Nf6 11. Nc3 Be7 12. cxd5 Nxd5 13. 0-0-0 0-0 14. Nxd5 exd5 15. Rxd5 Qa5 16. Bc4 Bf6 17. Bb3 Qb5 18. Rhd1 a5 19. Bg5 Ne5 20. Qf5 Bxg5+ 21. Qxg5 a4 22. Qxe5 axb3 23. a3 h6 24. Qc3 Rfe8 25. Qd3 Ra5 26. Qxb5 Rxb5 27. Kd2 b6 28. Kc3 bxc5 29. Kc4 Rbb8 30. R1d2 Re4+ 31. Kc3 Rb5 32. R5d3 Rb7 33. Rd8+ Kh7 34. R8d7 Rxd7 35. Rxd7 Kg6 36. Kxb3 Re2 37. Rd6+ f6 38. a4 Rxf2 39. a5 c4+ 40. Kc3 Rxg2 41. a6 Rg1 42. Kxc4 Ra1 43. b4 Kf7 44. b5 f5 45. Rd7+ Kf6 46. a7 f4 47. b6 f3 48. Rd8 1-0

[Event "AUT-chT2M 2021"]
[Site "Graz"]
[Date "2021.04.11"]
[Round "5.1"]
[White "Eder, Matthias"]
[Black "Csonka, Attila Istvan"]
[Result "0-1"]
[WhiteElo "2170"]
[BlackElo "2362"]
[PlyCount "118"]
[EventDate "2021.03.12"]
[EventType "team-tourn"]
[EventRounds "5"]
[EventCountry "AUT"]
[SourceTitle "EXT 2022"]
[Source "ChessBase"]
[SourceDate "2021.10.06"]
[SourceVersion "1"]
[SourceVersionDate "2021.10.06"]
[SourceQuality "1"]
[WhiteTeam "Graz Schachfreunde"]
[BlackTeam "Fuerstenfeld/Hartberg"]
[WhiteTeamCountry "AUT"]
[BlackTeamCountry "AUT"]

1. e4 c5 2. c3 Nf6 3. e5 Nd5 4. Nf3 e6 5. d4 cxd4 6. cxd4 d6 7. Bc4 Nc6 8. 0-0 Be7 9. Qe2 0-0 10. Qe4 a6 11. Bb3 Rb8 12. Nc3 Nxc3 13. bxc3 dxe5 14. dxe5 Qc7 15. Bc2 g6 16. Bh6 Rd8 17. Rae1 Rd5 18. Re3 Bd7 19. Rfe1 Be8 20. Qf4 Rbd8 21. Bg5 Bxg5 22. Qxg5 Qe7 23. Qf4 Kg7 24. h4 b5 25. h5 b4 26. Nh2 h6 27. Rg3 bxc3 28. hxg6 fxg6 29. Nf3 Nd4 30. Nxd4 Rxd4 31. Re4 Rd2 32. Rxc3 g5 33. Qe3 Bg6 34. Rec4 Rxc2 35. Rxc2 Bxc2 36. Rxc2 Rd1+ 37. Kh2 Qb4 38. Qh3 Qf4+ 39. Qg3 Qe4 40. Rc7+ Kg6 41. Re7 Qf5 42. Qf3 Qxf3 43. gxf3 Kf5 44. Ra7 Rd2 45. Rxa6 Rxf2+ 46. Kg3 Re2 47. Ra8 h5 48. Rf8+ Kxe5 49. Rg8 Kf5 50. Rf8+ Kg6 51. Rg8+ Kf6 52. Rf8+ Kg7 53. Ra8 h4+ 54. Kh3 Rf2 55. a4 Rxf3+ 56. Kg2 Ra3 57. a5 g4 58. a6 Ra2+ 59. Kg1 g3 0-1

[Event "AUT-chT2M 1819"]
[Site "Austria"]
[Date "2018.10.21"]
[Round "3.5"]
[White "Titz, Heimo"]
[Black "Eder, Matthias"]
[Result "1/2-1/2"]
[WhiteElo "2153"]
[BlackElo "2161"]
[PlyCount "131"]
[EventDate "2018.10.19"]
[EventType "team-tourn"]
[EventRounds "11"]
[EventCountry "AUT"]
[SourceTitle "CBM 187 Extra"]
[Source "ChessBase"]
[SourceDate "2018.11.04"]
[SourceVersion "1"]
[SourceVersionDate "2018.11.04"]
[SourceQuality "1"]
[WhiteTeam "Die Klagenfurter"]
[BlackTeam "Graz Schachfreunde"]
[WhiteTeamCountry "AUT"]
[BlackTeamCountry "AUT"]

1. c4 Nf6 2. Nc3 g6 3. e4 d6 4. d4 Bg7 5. Nf3 0-0 6. Be2 e5 7. Be3 exd4 8. Nxd4 Re8 9. f3 c6 10. Qd2 d5 11. exd5 cxd5 12. c5 Qe7 13. Bf2 Nbd7 14. c6 Ne5 15. cxb7 Bxb7 16. 0-0 Nc4 17. Bxc4 dxc4 18. Rfe1 Qd7 19. Rxe8+ Rxe8 20. Rd1 Ng4 21. Ndb5 Qxd2 22. Rxd2 Bh6 23. Re2 Rxe2 24. Nxe2 Nxf2 25. Kxf2 a6 26. Nbc3 f5 27. f4 Kf7 28. g3 Bf8 29. Nd4 Bc5 30. Ke3 Ke7 31. b3 cxb3 32. axb3 a5 33. Na4 Ba7 34. Kd3 Ba6+ 35. Kc3 Kd6 36. Nb2 Kd5 37. Nf3 h6 38. Nh4 Bg1 39. Nf3 Be3 40. Nh4 Ke4 41. Nxg6 Bd4+ 42. Kc2 Bg1 43. h3 Bf1 44. Nc4 Bxc4 45. bxc4 Bf2 46. g4 Be3 47. gxf5 Kxf5 48. Ne7+ Ke4 49. Nd5 Bxf4 50. Nxf4 Kxf4 51. Kb3 Ke4 52. Ka4 Kd4 53. Kb5 a4 54. Kxa4 Kxc4 55. h4 Kd4 56. Kb4 Ke4 57. Kc3 Kf4 58. Kd3 Kg4 59. Ke3 Kxh4 60. Kf4 Kh3 61. Kf3 h5 62. Kf2 h4 63. Kf3 Kh2 64. Kf2 h3 65. Kf1 Kh1 66. Kf2 1/2-1/2

[Event "Trieste op 18th"]
[Site "Trieste"]
[Date "2016.09.04"]
[Round "3"]
[White "Eder, Matthias"]
[Black "Kobal, Sasa"]
[Result "1-0"]
[WhiteElo "2156"]
[BlackElo "1840"]
[PlyCount "101"]
[EventDate "2016.09.03"]
[EventType "swiss"]
[EventRounds "9"]
[EventCountry "ITA"]
[SourceTitle "CBM 174 Extra"]
[Source "ChessBase"]
[SourceDate "2016.10.10"]
[SourceVersion "1"]
[SourceVersionDate "2016.10.10"]
[SourceQuality "1"]

1. e4 c5 2. Nf3 Nc6 3. Nc3 g6 4. d4 cxd4 5. Nxd4 Bg7 6. Be3 Nf6 7. Be2 0-0 8. Nb3 d6 9. f4 Bd7 10. g4 Qc8 11. h3 a5 12. g5 Ne8 13. Nd5 Qd8 14. Nd4 e6 15. Nc3 Nxd4 16. Bxd4 Bc6 17. Bxg7 Nxg7 18. Qd3 d5 19. 0-0-0 dxe4 20. Nxe4 Bxe4 21. Qxe4 Qc7 22. h4 Nf5 23. Rh3 Rfd8 24. h5 Rxd1+ 25. Bxd1 Rd8 26. hxg6 hxg6 27. Qh1 Qxf4+ 28. Kb1 Kf8 29. Rh8+ Ke7 30. Rxd8 Kxd8 31. Qxb7 Qd2 32. Qb8+ Ke7 33. Qc7+ Kf8 34. Qb8+ Kg7 35. Qe5+ Kh7 36. Qe2 Qxg5 37. a3 Ne3 38. Qe1 Nxd1 39. Qxd1 Qc5 40. Qg4 Qf5 41. Qxf5 gxf5 42. b4 axb4 43. axb4 f4 44. Kc1 f3 45. Kd1 Kg7 46. b5 Kf6 47. b6 Ke5 48. b7 f2 49. Ke2 f1Q+ 50. Kxf1 Kd6 51. b8Q+ 1-0

[Event "Leitersdorf op"]
[Site "Leitersdorf"]
[Date "2016.01.04"]
[Round "3"]
[White "Eder, Matthias"]
[Black "Schnider, Gert"]
[Result "1/2-1/2"]
[WhiteElo "2126"]
[BlackElo "2356"]
[PlyCount "37"]
[EventDate "2016.01.02"]
[EventType "swiss"]
[EventRounds "5"]
[EventCountry "AUT"]
[SourceTitle "CBM 170 Extra"]
[Source "ChessBase"]
[SourceDate "2016.02.25"]
[SourceVersion "1"]
[SourceVersionDate "2016.02.25"]
[SourceQuality "1"]

1. e4 e6 2. d4 d5 3. Nd2 Nc6 4. Ngf3 Nf6 5. e5 Nd7 6. Bb5 f6 7. 0-0 fxe5 8. Nxe5 Ncxe5 9. dxe5 c6 10. Bd3 Nxe5 11. Qh5+ Nf7 12. Bxh7 Qg5 13. Qxg5 Nxg5 14. Bg6+ Kd7 15. Nc4 dxc4 16. Bxg5 Bd6 17. Rad1 Kc7 18. h3 b5 19. c3 1/2-1/2

[Event "Steyr Landesliga 1516"]
[Site "Austria"]
[Date "2015.11.07"]
[Round "4.3"]
[White "Eder, Matthias"]
[Black "Wegerer, Fred"]
[Result "0-1"]
[WhiteElo "2133"]
[BlackElo "2128"]
[PlyCount "72"]
[EventDate "2015.09.26"]
[EventType "team-tourn"]
[EventRounds "11"]
[EventCountry "AUT"]
[SourceTitle "CBM 170 Extra"]
[Source "ChessBase"]
[SourceDate "2016.02.25"]
[SourceVersion "1"]
[SourceVersionDate "2016.02.25"]
[SourceQuality "1"]
[WhiteTeam "Graz Schachfreunde"]
[BlackTeam "Graz Austria"]
[WhiteTeamCountry "AUT"]
[BlackTeamCountry "AUT"]

1. d4 d6 2. e4 Nf6 3. f3 e5 4. Ne2 Be7 5. c4 0-0 6. Nbc3 Nbd7 7. Be3 a6 8. d5 Ne8 9. Qd2 g6 10. g4 Ng7 11. Ng3 Bh4 12. 0-0-0 Kh8 13. Kb1 b6 14. Bd3 Nc5 15. Rhg1 Nxd3 16. Qxd3 Bg5 17. h4 Bxh4 18. Qd2 f6 19. Qh2 g5 20. Rh1 Rf7 21. Nf1 Qg8 22. Bc1 h5 23. Ne3 Qh7 24. Rdg1 Bd7 25. Ng2 Bf2 26. Rf1 Bc5 27. gxh5 b5 28. cxb5 axb5 29. Be3 b4 30. Ne2 Bb5 31. h6 Nf5 32. Bxc5 Bxe2 33. Re1 Bd3+ 34. Ka1 dxc5 35. exf5 c4 36. Rc1 c6 0-1

[Event "Feffernitz op 24th"]
[Site "Feffernitz"]
[Date "2015.08.21"]
[Round "7"]
[White "Faerber, David"]
[Black "Eder, Matthias"]
[Result "1-0"]
[WhiteElo "1957"]
[BlackElo "2152"]
[PlyCount "103"]
[EventDate "2015.08.16"]
[EventType "swiss"]
[EventRounds "9"]
[EventCountry "AUT"]
[SourceTitle "EXT 2016"]
[Source "ChessBase"]
[SourceDate "2015.10.08"]
[SourceVersion "1"]
[SourceVersionDate "2015.10.08"]
[SourceQuality "1"]

1. e4 g6 2. d4 Bg7 3. Nc3 d6 4. f4 a6 5. Nf3 b5 6. Bd3 Nd7 7. e5 c5 8. Be3 Bb7 9. Be4 Bxe4 10. Nxe4 Nh6 11. dxc5 0-0 12. cxd6 f6 13. Qd5+ e6 14. Qxe6+ Kh8 15. Qe7 Qc8 16. e6 Nf5 17. Qxd7 Qxd7 18. exd7 Nxe3 19. Kf2 Nc4 20. Nc5 Rfd8 21. b3 Nxd6 22. Rad1 Bf8 23. Rhe1 Kg8 24. Re6 Nf7 25. Nxa6 Ra7 26. Rxf6 Rdxd7 27. Rxd7 Rxd7 28. Re6 Ra7 29. Ne5 Nd6 30. c4 bxc4 31. Nxc4 Ne4+ 32. Kf3 Nc3 33. a4 Rb7 34. Rb6 Rf7 35. Ne5 Ra7 36. Nc6 Rd7 37. b4 Nxa4 38. Rb5 Rd6 39. Nab8 Nc3 40. Rb7 Nd5 41. g3 Re6 42. b5 Re3+ 43. Kg2 Bc5 44. Nd7 Re2+ 45. Kf3 Rf2+ 46. Ke4 Nc3+ 47. Kd3 Na4 48. Nf6+ Kf8 49. Nxh7+ Ke8 50. Nf6+ Kf8 51. Ne5 Be7 52. Ke3 1-0

[Event "Feffernitz op 24th"]
[Site "Feffernitz"]
[Date "2015.08.20"]
[Round "6"]
[White "Eder, Matthias"]
[Black "Manhardt, Thomas"]
[Result "0-1"]
[WhiteElo "2152"]
[BlackElo "2240"]
[PlyCount "70"]
[EventDate "2015.08.16"]
[EventType "swiss"]
[EventRounds "9"]
[EventCountry "AUT"]
[SourceTitle "EXT 2016"]
[Source "ChessBase"]
[SourceDate "2015.10.08"]
[SourceVersion "1"]
[SourceVersionDate "2015.10.08"]
[SourceQuality "1"]

1. d4 f5 2. Bg5 g6 3. Nc3 Nh6 4. h4 Nf7 5. e4 fxe4 6. f3 d5 7. fxe4 Nxg5 8. hxg5 dxe4 9. Nxe4 Bg7 10. c3 Bf5 11. Qf3 Nc6 12. 0-0-0 e6 13. Bd3 Bxe4 14. Bxe4 Qxg5+ 15. Kb1 0-0-0 16. Bxc6 bxc6 17. Qxc6 Rd6 18. Qa8+ Kd7 19. Qxa7 Qxg2 20. Qa4+ Ke7 21. Nh3 h6 22. Qc4 Kd7 23. Nf4 Qe4+ 24. Nd3 Rf8 25. Rhe1 Qd5 26. Nc5+ Kc8 27. Qa4 Rb6 28. Ka1 g5 29. Rd2 e5 30. Rde2 Rd8 31. c4 Qc6 32. Qa5 Rxd4 33. Nb3 Rxc4 34. Qa3 Ra6 35. Qe7 Qa4 0-1

[Event "Feffernitz op 24th"]
[Site "Feffernitz"]
[Date "2015.08.16"]
[Round "1"]
[White "Eder, Matthias"]
[Black "Saringer, Hubert"]
[Result "1-0"]
[WhiteElo "2152"]
[BlackElo "1783"]
[PlyCount "51"]
[EventDate "2015.08.16"]
[EventType "swiss"]
[EventRounds "9"]
[EventCountry "AUT"]
[SourceTitle "EXT 2016"]
[Source "ChessBase"]
[SourceDate "2015.10.08"]
[SourceVersion "1"]
[SourceVersionDate "2015.10.08"]
[SourceQuality "1"]

1. d4 d5 2. c4 e6 3. Nc3 c5 4. cxd5 exd5 5. Nf3 Nc6 6. g3 Nf6 7. Bg2 Be6 8. 0-0 cxd4 9. Nxd4 Rc8 10. Bg5 Be7 11. Qa4 a6 12. Rfd1 0-0 13. Nxc6 Rxc6 14. Bxf6 Bxf6 15. Nxd5 Bxb2 16. Rab1 b5 17. Qb4 Rd6 18. Rxb2 Bxd5 19. e4 a5 20. Qc5 Qf6 21. exd5 Qxb2 22. Qxd6 Qxa2 23. Qe7 Qb3 24. Re1 a4 25. d6 Qc3 26. d7 1-0